Air China International Destinations - Statistics

General Stats
  • This quiz has been taken 292 times
  • The average score is 48 of 68
Answer Stats
Hint Answer % Correct
Ethiopia's capital, largest and most populous city Addis Ababa
91%
Tourist attractions include the London Eye and the Shard London
91%
Site of the Golden Gate Bridge San Francisco
91%
Formerly known as Bombay Mumbai
90%
The world's largest metropolitan area Tokyo
90%
Nepal's capital, largest and most populous city Kathmandu
89%
Site of the Hollywood sign in on the Santa Monica Mountains Los Angeles
88%
Tourist attractions include the Eiffel Tower and the Lourve Paris
88%
The first city to ever be nuclear bombed Hiroshima
87%
Taiwan's capital city Taipei
87%
Formerly known as Saigon until it's capture by North Vietnam Ho Chi Minh City
86%
Spain's capital, largest and most populous city Madrid
86%
Home to BMW's headquarters Munich
86%
Thailand's capital, largest and most populous city Bangkok
85%
India's capital and second largest city Delhi
85%
Hawaii's state capital Honolulu
85%
North Korea's capital, largest and most populous city Pyongyang
85%
Tourist attractions include the Roman Colossiam Rome
85%
Brazil's largest and most populous city São Paulo
85%
Australia's most important and largest city Sydney
85%
Was a British territory until 1997 Hong Kong
84%
Austria's capital, largest and most populous city Vienna
84%
Malaysia's capital, largest and most populous city Kuala Lumpur
83%
This Italian city is a fashion world capital Milan
83%
The world's second largest metropolitan area Seoul
83%
Island country off the coast of Malaysia Singapore
82%
The United States of America's capital Washington D.C.
82%
New Zealand's largest city Auckland
81%
South Africa's largest and most populous city Johannesburg
81%
This Japanese city sit on the mouth of the Yodo river Osaka
81%
Sweden's capital, largest and most populous city Stockholm
81%
United Arab Emirates' largest, most populous and most important city Dubai
80%
This city is the largest city on the Filipino island of Luzon Manila
79%
Europe's most populous city Moscow
79%
Pakistan's capital city Islamabad
78%
Belarus' capital and largest city Minsk
78%
The largest city in British Columbia, Canada Vancouver
78%
Hungary's capital and largest city Budapest
77%
Australia's second most populous city Melbourne
76%
Host city of the 2004 Summer Olympics Athens
74%
Quebec's largest city Montréal
74%
Burma's former capital and the largest and most populous city Yangon
73%
The largest port city of South Korea Busan
71%
Formerly named 'Batavia' Jakarta
71%
Holds the world's largest motor show yearly Frankfurt
68%
Sri Lanka's largest and most populous city Colombo
66%
New Jersey's largest city Newark
66%
Was a Portuguese territory until 1999 Macau
65%
Largest city on the Japanese island of Hokkaido Sapporo
65%
This port city is one of the busiest in Japan Nagoya
64%
Thailand's second smallest province Phuket
64%
Host city of the 1992 Summer Olympics Barcelona
63%
The largest city on Jejudo Island Jeju
56%
About 45% of Mongolia's population live in this city Ulaanbaatar
55%
German city with a large Japanese community in West Germany Düsseldorf
53%
The largest and most culturally significant city in North Thailand Chiang Mai
51%
Located on the northern shores of the island of Kyushu Fukuoka
51%
Site of the Red Cross' headquarters Geneva
45%
Only city in the Americas to have non-stop flights to all inhabited continents Houston
45%
This city is the capital of Okinawa Prefecture, Japan Naha
40%
The capital of the Miyaga Prefecture, Japan Sendai
37%
Translated from Korean means "Large Hill" Daegu
36%
UNESCO World Heritage Site Angkor Wat location Siem Reap
36%
This city's name translates to "Central Taiwan" Taichung
35%
The world's second largest city-proper by population Karachi
34%
The largest and most populous city in the United States New York City
30%
The Administrative Centre of Zabaykalsky Krai Chita
11%
Capital of Oshima Subprefecture, Japan Hakodate
8%
No matching quizzes found
Score Distribution
Percent of People with Each Score
Percentile by Number Answered
Your Score History
You have not taken this quiz